Vista normal
Vista MARC
Entrada Personal Name
Número de registros utilizados en: 1
001 - CONTROL NUMBER
- control field: 43655
003 - CONTROL NUMBER IDENTIFIER
- control field: OSt
005 - DATE AND TIME OF LATEST TRANSACTION
- control field: 20240423162712.0
008 - FIXED-LENGTH DATA ELEMENTS
- fixed length control field: 240423|| aca||aabn | a|a d
040 ## - CATALOGING SOURCE
- Original cataloging agency: OSt
- Transcribing agency: OSt
100 ## - HEADING--PERSONAL NAME
- Personal name: McCullers , Carson,
- Dates associated with a name: 1917 - 1967
670 ## - SOURCE DATA FOUND
- Source citation: Work cat.: (OSt)30746: McCullers , Carson, 1917 - 1967 autor., Reflejos en un ojo dorado / , 1981